[Event "12th Delhi International Grandmasters Chess Tourna"]
[Site "Ludlow Castle,New Delhi (INDIA)"]
[Date "2014.01.12"]
[Round "5"]
[Board "9"]
[White "Rathnakaran, K."]
[Black "Dzhumaev, Marat"]
[Result "1/2-1/2"]
[WhiteElo "2401"]
[BlackElo "2521"]
[PlyCount "185"]
[EventDate "2014.01.09"]
[EventRounds "10"]
[EventCountry "IND"]

1. e4 c6 2. d3 d5 3. Nd2 e5 4. Ngf3 Bd6 5. g3 Nf6 6. Bg2 O-O 7. O-O Re8 8. b3
Bg4 9. Qe2 Nbd7 10. h3 Bh5 11. Bb2 a5 12. a3 Nc5 13. Rae1 Qc7 14. Qd1 dxe4 15.
dxe4 b5 16. Qc1 Bxf3 17. Nxf3 Ncxe4 18. Nh4 Nc5 19. Nf5 Nfd7 20. Nxd6 Qxd6 21.
Rd1 Qc7 22. Qd2 Rac8 23. Bc3 Nf6 24. Bxa5 Qa7 25. Rfe1 Ncd7 26. Bb4 e4 27. g4
h6 28. Bd6 Re6 29. c4 bxc4 30. bxc4 Ne5 31. Bxe5 Rxe5 32. Re3 Rce8 33. Kh1 h5
34. gxh5 Rxh5 35. f3 Qb8 36. Qd6 exf3 37. Rxf3 Re1+ 38. Kh2 Qxd6+ 39. Rxd6 Ng4+
40. Kg3 Ne5 41. Rb3 Re2 42. Bf3 Nxf3 43. Rxf3 Rg5+ 44. Kf4 Rc5 45. Rc3 f5 46.
Rd4 Kf7 47. Re3 g5+ 48. Kf3 Rxe3+ 49. Kxe3 Ke6 50. h4 gxh4 51. Rxh4 Ke5 52. Rd4
Ra5 53. Rd3 Ra4 54. Rc3 c5 55. Kd3 f4 56. Rb3 Ra8 57. Rc3 Rd8+ 58. Ke2 Ke4 59.
a4 Ra8 60. Ra3 Kd4 61. a5 Kxc4 62. Rf3 Rxa5 63. Kd2 Ra8 64. Rxf4+ Kb3 65. Rf7
Ra2+ 66. Kc1 Ra1+ 67. Kd2 Ra4 68. Kc1 Ra1+ 69. Kd2 Ra2+ 70. Kc1 c4 71. Rb7+ Kc3
72. Kb1 Rh2 73. Rg7 Rh1+ 74. Ka2 Rd1 75. Rh7 Kc2 76. Rh4 c3 77. Rh2+ Kd3 78.
Rh3+ Kc4 79. Rh4+ Rd4 80. Rh8 Rd1 81. Rh4+ Kd3 82. Rh3+ Kc2 83. Rh2+ Rd2 84.
Rh1 Rg2 85. Rh8 Kc1+ 86. Kb3 Rg3 87. Rh1+ Kd2 88. Rh2+ Kd3 89. Rh8 Kd2 90. Rh2+
Kd3 91. Rh8 Re3 92. Rd8+ Ke2 93. Kc2 1/2-1/2

[Event "12th Delhi International Grandmasters Chess Tourna"]
[Site "Ludlow Castle,New Delhi (INDIA)"]
[Date "2014.01.12"]
[Round "5"]
[Board "10"]
[White "Neverov, Valeriy"]
[Black "Padmini, Rout"]
[Result "1-0"]
[WhiteElo "2519"]
[BlackElo "2327"]
[PlyCount "49"]
[EventDate "2014.01.09"]
[EventRounds "10"]
[EventCountry "IND"]

1. c4 e5 2. Nc3 Nc6 3. g3 g6 4. Bg2 Bg7 5. Rb1 f5 6. b4 Nf6 7. b5 Ne7 8. Qb3
O-O 9. d3 Kh8 10. Nf3 d6 11. O-O h6 12. c5 g5 13. cxd6 cxd6 14. Ba3 f4 15. Ne4
Nf5 16. Nxf6 Bxf6 17. g4 Nh4 18. Nxh4 gxh4 19. Bf3 Rg8 20. Kh1 Bxg4 21. Bxg4
Rxg4 22. Qe6 Rg6 23. Bxd6 Qg8 24. Qxg8+ Kxg8 25. h3 1-0

[Event "12th Delhi International Grandmasters Chess Tourna"]
[Site "Ludlow Castle,New Delhi (INDIA)"]
[Date "2014.01.12"]
[Round "5"]
[Board "11"]
[White "Gasanov, Eldar"]
[Black "Saravanan, V."]
[Result "1/2-1/2"]
[WhiteElo "2469"]
[BlackElo "2341"]
[PlyCount "47"]
[EventDate "2014.01.09"]
[EventRounds "10"]
[EventCountry "IND"]

1. d4 Nf6 2. g3 c5 3. d5 g6 4. Bg2 d6 5. c4 Bg7 6. Nc3 O-O 7. Nf3 e6 8. O-O
exd5 9. cxd5 Nbd7 10. Bf4 Qe7 11. h3 Nh5 12. Bg5 f6 13. Bd2 f5 14. Qc1 Ne5 15.
Bg5 Qe8 16. Re1 Bd7 17. Kh2 Qf7 18. Nxe5 Bxe5 19. f4 Bg7 20. e4 h6 21. Bh4 Rae8
22. exf5 gxf5 23. Qd2 Nf6 24. a4 1/2-1/2

[Event "12th Delhi International Grandmasters Chess Tourna"]
[Site "Ludlow Castle,New Delhi (INDIA)"]
[Date "2014.01.12"]
[Round "6"]
[Board "1"]
[White "Gupta, Abhijeet"]
[Black "Neverov, Valeriy"]
[Result "1/2-1/2"]
[WhiteElo "2606"]
[BlackElo "2519"]
[PlyCount "67"]
[EventDate "2014.01.09"]
[EventRounds "10"]
[EventCountry "IND"]

1. d4 d5 2. c4 e6 3. Nc3 Be7 4. Nf3 Nf6 5. Bf4 O-O 6. e3 Nbd7 7. Be2 dxc4 8.
O-O a6 9. a4 c5 10. d5 Nxd5 11. Nxd5 exd5 12. Qxd5 Nf6 13. Qe5 Ng4 14. Qc3 Be6
15. Bxc4 Bf6 16. Qb3 Bxc4 17. Qxc4 Qe7 18. Rad1 Rfd8 19. Qb3 g5 20. Bg3 h5 21.
h3 h4 22. Bxh4 Nxe3 23. fxe3 Rxd1 24. Rxd1 gxh4 25. Kh1 Re8 26. a5 Qe4 27. Re1
c4 28. Qb6 Re6 29. Qc5 Rc6 30. Qh5 Qg6 31. Qd5 Qd3 32. Qh5 Qg6 33. Qd5 Qd3 34.
Qh5 1/2-1/2

[Event "12th Delhi International Grandmasters Chess Tourna"]
[Site "Ludlow Castle,New Delhi (INDIA)"]
[Date "2014.01.12"]
[Round "6"]
[Board "2"]
[White "Pantsulaia, Levan"]
[Black "Deepan, Chakkravarthy J."]
[Result "1/2-1/2"]
[WhiteElo "2614"]
[BlackElo "2475"]
[PlyCount "90"]
[EventDate "2014.01.09"]
[EventRounds "10"]
[EventCountry "IND"]

1. Nf3 d5 2. g3 Nf6 3. Bg2 Bf5 4. c4 e6 5. Qb3 Qc8 6. Nc3 c6 7. Nh4 d4 8. Nxf5
exf5 9. Na4 Na6 10. O-O Be7 11. a3 O-O 12. Qd3 Qd7 13. b4 Rad8 14. c5 Rfe8 15.
Nb2 g6 16. Nc4 Nc7 17. Bb2 Ne6 18. Na5 f4 19. Rac1 Ng4 20. Qf3 h5 21. gxf4 Qc7
22. e3 Bf6 23. Nc4 dxe3 24. dxe3 Bxb2 25. Nxb2 Rd2 26. Nc4 Rd3 27. Qe4 Red8 28.
Rfe1 Kg7 29. h3 Nf6 30. Qe5 Qxe5 31. fxe5 Nd5 32. Red1 Nxb4 33. Nd6 Rxd1+ 34.
Rxd1 Na6 35. Rb1 Naxc5 36. Rb4 a5 37. Rb6 Rd7 38. f4 h4 39. Kf2 Kf8 40. Ke2 Ke7
41. Bf3 Kd8 42. Rb1 Kc7 43. Ne8+ Kd8 44. Nd6 Kc7 45. Ne8+ Kd8 1/2-1/2

[Event "12th Delhi International Grandmasters Chess Tourna"]
[Site "Ludlow Castle,New Delhi (INDIA)"]
[Date "2014.01.12"]
[Round "6"]
[Board "3"]
[White "Ziatdinov, Raset"]
[Black "Lalith, Babu M.R."]
[Result "0-1"]
[WhiteElo "2354"]
[BlackElo "2579"]
[PlyCount "52"]
[EventDate "2014.01.09"]
[EventRounds "10"]
[EventCountry "IND"]

1. e4 g6 2. d4 Bg7 3. Nf3 c6 4. Nbd2 d6 5. Bd3 Nf6 6. O-O O-O 7. Re1 Qc7 8. c3
e5 9. b3 Re8 10. Ba3 Nbd7 11. Rc1 b6 12. Nc4 Bf8 13. Ne3 Bb7 14. Nd2 Bg7 15.
Nec4 Bf8 16. Ne3 Rad8 17. Qf3 Bg7 18. Ndc4 Re6 19. dxe5 dxe5 20. Rcd1 b5 21.
Nb2 Qa5 22. Bb4 Qb6 23. a4 c5 24. Ba3 a6 25. Bc2 Ree8 26. g4 Qc6 0-1

[Event "12th Delhi International Grandmasters Chess Tourna"]
[Site "Ludlow Castle,New Delhi (INDIA)"]
[Date "2014.01.12"]
[Round "6"]
[Board "4"]
[White "Gagunashvili, Merab"]
[Black "Sattarov, Bobir"]
[Result "1/2-1/2"]
[WhiteElo "2547"]
[BlackElo "2194"]
[PlyCount "49"]
[EventDate "2014.01.09"]
[EventRounds "10"]
[EventCountry "IND"]

1. d4 Nf6 2. c4 g6 3. Nc3 Bg7 4. Nf3 d6 5. Bg5 Nbd7 6. e3 h6 7. Bh4 g5 8. Bg3
Nh5 9. Be2 e6 10. Qc2 Ndf6 11. O-O-O Qe7 12. e4 Nxg3 13. hxg3 e5 14. d5 O-O 15.
Nd2 c6 16. Kb1 Bd7 17. Rc1 Rfc8 18. Qd3 Rab8 19. Rhd1 cxd5 20. Nxd5 Nxd5 21.
cxd5 Bf8 22. Rxc8 Rxc8 23. Rc1 Rxc1+ 24. Kxc1 Qf6 25. Qe3 1/2-1/2

[Event "12th Delhi International Grandmasters Chess Tourna"]
[Site "Ludlow Castle,New Delhi (INDIA)"]
[Date "2014.01.12"]
[Round "6"]
[Board "5"]
[White "Sengupta, Deep"]
[Black "Ankit, R. Rajpara"]
[Result "1/2-1/2"]
[WhiteElo "2538"]
[BlackElo "2443"]
[PlyCount "79"]
[EventDate "2014.01.09"]
[EventRounds "10"]
[EventCountry "IND"]

1. e4 c6 2. d4 d5 3. e5 Bf5 4. Nf3 e6 5. Be2 Ne7 6. O-O h6 7. Nbd2 Nd7 8. c3
Bh7 9. b4 a5 10. Nb3 axb4 11. cxb4 Ng6 12. a3 Be7 13. g3 O-O 14. Bd3 Re8 15.
Ne1 b6 16. f4 c5 17. bxc5 bxc5 18. Bc2 Ngf8 19. Bxh7+ Nxh7 20. dxc5 Nxc5 21.
Nd4 Ne4 22. Nec2 Bc5 23. Be3 Qd7 24. Qd3 Ra4 25. Ne2 Bxe3+ 26. Qxe3 Rc8 27.
Rfc1 Rca8 28. Rab1 Nf8 29. Rb4 R4a7 30. Ned4 Rc7 31. Nb5 Rc6 32. Rbb1 Rac8 33.
Ncd4 Rc4 34. Kg2 Qd8 35. Rxc4 Rxc4 36. Rc1 Rxc1 37. Qxc1 Qa5 38. Qb2 Nd7 39.
Qb4 Qxb4 40. axb4 1/2-1/2

[Event "12th Delhi International Grandmasters Chess Tourna"]
[Site "Ludlow Castle,New Delhi (INDIA)"]
[Date "2014.01.12"]
[Round "6"]
[Board "6"]
[White "Vignesh, Nr"]
[Black "Venkatesh, M.R."]
[Result "1/2-1/2"]
[WhiteElo "2354"]
[BlackElo "2524"]
[PlyCount "38"]
[EventDate "2014.01.09"]
[EventRounds "10"]
[EventCountry "IND"]

1. d4 Nf6 2. c4 e6 3. Nf3 Bb4+ 4. Bd2 a5 5. Nc3 b6 6. e3 Bb7 7. Bd3 d6 8. Qc2
Nbd7 9. O-O O-O 10. e4 e5 11. Rfe1 Re8 12. Rad1 Qc8 13. b3 Nh5 14. Bf1 Ndf6 15.
dxe5 dxe5 16. Nd5 Bc5 17. Be3 Bb4 18. Bd2 Bc5 19. Be3 Bb4 1/2-1/2

[Event "12th Delhi International Grandmasters Chess Tourna"]
[Site "Ludlow Castle,New Delhi (INDIA)"]
[Date "2014.01.12"]
[Round "6"]
[Board "7"]
[White "Sundararajan, Kidambi"]
[Black "Kravtsiv, Martyn"]
[Result "0-1"]
[WhiteElo "2411"]
[BlackElo "2628"]
[PlyCount "58"]
[EventDate "2014.01.09"]
[EventRounds "10"]
[EventCountry "IND"]

1. d4 Nf6 2. c4 e6 3. Nc3 Bb4 4. e3 O-O 5. Bd3 d5 6. Nf3 c5 7. O-O Nc6 8. a3
Bxc3 9. bxc3 Qc7 10. Qc2 Na5 11. Nd2 b6 12. cxd5 c4 13. Be2 exd5 14. f3 Re8 15.
e4 Bf5 16. Nxc4 Nxe4 17. Ne3 Nxc3 18. Bd3 Bg6 19. Kh1 Rac8 20. Bd2 Bxd3 21.
Qxd3 Nc4 22. Nf5 Nb2 23. Qc2 Nca4 24. Qxc7 Rxc7 25. Bf4 Rd7 26. Rfe1 Re6 27.
Rac1 Nc4 28. Be5 Nab2 29. Re2 f6 0-1

[Event "12th Delhi International Grandmasters Chess Tourna"]
[Site "Ludlow Castle,New Delhi (INDIA)"]
[Date "2014.01.12"]
[Round "6"]
[Board "8"]
[White "Akshat, Khamparia"]
[Black "Evdokimov, Alexander A."]
[Result "1/2-1/2"]
[WhiteElo "2396"]
[BlackElo "2558"]
[PlyCount "81"]
[EventDate "2014.01.09"]
[EventRounds "10"]
[EventCountry "IND"]

1. d4 Nf6 2. c4 c5 3. d5 e6 4. Nc3 exd5 5. cxd5 Bd6 6. Nf3 Bc7 7. d6 Ba5 8. Bg5
Qb6 9. Bxf6 Qxb2 10. Bxg7 Bxc3+ 11. Bxc3 Qxc3+ 12. Nd2 b6 13. Rc1 Qg7 14. h4
Nc6 15. Rh3 Nd4 16. Re3+ Ne6 17. g3 Bb7 18. Bh3 O-O 19. Bf5 Rfe8 20. Nf3 Bc6
21. Rc4 Kh8 22. Qb1 Nd4 23. Rxe8+ Rxe8 24. Nxd4 cxd4 25. Qb2 Re5 26. Bd3 Rd5
27. Qa3 Ra5 28. Qb4 Qf6 29. Qd2 Qxd6 30. Bb1 Rb5 31. Qd3 f5 32. Bc2 Rd5 33. Bb3
Qe5 34. Rc2 Rd6 35. Rd2 Qe4 36. Rd1 b5 37. Kd2 Qe5 38. f3 Be4 39. fxe4 fxe4 40.
Qb1 Qxg3 41. Rf1 1/2-1/2

[Event "12th Delhi International Grandmasters Chess Tourna"]
[Site "Ludlow Castle,New Delhi (INDIA)"]
[Date "2014.01.12"]
[Round "6"]
[Board "9"]
[White "Stany, G.A."]
[Black "Vaibhav, Suri"]
[Result "1/2-1/2"]
[WhiteElo "2404"]
[BlackElo "2547"]
[PlyCount "83"]
[EventDate "2014.01.09"]
[EventRounds "10"]
[EventCountry "IND"]

1. e4 c5 2. Nf3 e6 3. d4 cxd4 4. Nxd4 Nc6 5. Nc3 Qc7 6. Be2 a6 7. O-O Nf6 8.
Be3 Be7 9. f4 d6 10. Kh1 O-O 11. Qe1 Nxd4 12. Bxd4 b5 13. a3 Nd7 14. Qg3 Bf6
15. Bxf6 Nxf6 16. Bd3 Bb7 17. Qh4 Nd7 18. Rae1 Qd8 19. Qh5 e5 20. Re3 exf4 21.
Rxf4 Ne5 22. Rg3 Ng6 23. Rf1 Re8 24. Rh3 h6 25. Rhf3 Re5 26. Qh3 Bc8 27. Qg3
Be6 28. Ne2 Qb6 29. Qf2 Qxf2 30. R3xf2 Rc5 31. Nd4 Ne5 32. h3 Re8 33. Rd1 Bc8
34. Rfd2 g6 35. Nb3 Rc7 36. Na5 Nxd3 37. cxd3 Be6 38. Re1 Kg7 39. Kg1 Rb8 40.
Rde2 d5 41. Nb3 dxe4 42. dxe4 1/2-1/2

[Event "12th Delhi International Grandmasters Chess Tourna"]
[Site "Ludlow Castle,New Delhi (INDIA)"]
[Date "2014.01.12"]
[Round "6"]
[Board "10"]
[White "Dzhumaev, Marat"]
[Black "Vorontsov, Pavlo"]
[Result "1-0"]
[WhiteElo "2521"]
[BlackElo "2380"]
[PlyCount "87"]
[EventDate "2014.01.09"]
[EventRounds "10"]
[EventCountry "IND"]

1. e4 c5 2. Nf3 d6 3. d4 cxd4 4. Nxd4 a6 5. Nc3 Nf6 6. g3 e5 7. Nb3 Be7 8. Bg2
O-O 9. O-O Be6 10. a4 Nbd7 11. Re1 Nb6 12. a5 Nc4 13. Nd5 Nxd5 14. exd5 Bd7 15.
Nd2 Nxd2 16. Bxd2 f5 17. Be3 Bg5 18. Bb6 Qf6 19. c4 Rac8 20. Qe2 Rfe8 21. b4 e4
22. b5 Qc3 23. bxa6 bxa6 24. c5 Bb5 25. Qd1 dxc5 26. d6 Bd2 27. Bf1 e3 28. Rxe3
Bxe3 29. Bxb5 axb5 30. d7 Bd4 31. Rc1 Qb2 32. Rc2 Qb3 33. Qe2 Qf7 34. dxc8=Q
Rxc8 35. Qxb5 f4 36. a6 fxg3 37. hxg3 Rf8 38. Bxc5 Re8 39. a7 Bxc5 40. Rxc5 Rf8
41. Rf5 Qe7 42. g4 g6 43. f4 Kg7 44. Qe5+ 1-0

[Event "12th Delhi International Grandmasters Chess Tourna"]
[Site "Ludlow Castle,New Delhi (INDIA)"]
[Date "2014.01.12"]
[Round "6"]
[Board "11"]
[White "Gasanov, Eldar"]
[Black "Rathnakaran, K."]
[Result "1-0"]
[WhiteElo "2469"]
[BlackElo "2401"]
[PlyCount "137"]
[EventDate "2014.01.09"]
[EventRounds "10"]
[EventCountry "IND"]

1. c4 Nf6 2. Nc3 c5 3. Nf3 Nc6 4. d4 cxd4 5. Nxd4 g6 6. e4 d6 7. Be2 Bg7 8. Be3
O-O 9. O-O Bd7 10. Qd2 Rc8 11. f3 a6 12. Rfd1 Qa5 13. Nb3 Qh5 14. c5 dxc5 15.
Nxc5 Rc7 16. g4 Nxg4 17. fxg4 Bxg4 18. Bxg4 Qxg4+ 19. Qg2 Qh5 20. Nd5 Rcc8 21.
Rac1 e6 22. Nb6 Rfd8 23. Ncd7 Rc7 24. Rd2 h6 25. Qg3 e5 26. b4 Kh7 27. Bf2 Nd4
28. Rxc7 Nf3+ 29. Kg2 Nxd2 30. Qe3 Qg4+ 31. Bg3 Qd1 32. Qd3 h5 33. Rc2 Bh6 34.
Bxe5 h4 35. h3 Be3 36. Nf6+ Kg7 37. Nfd5+ Kh7 38. Nf6+ Kg7 39. Ng4+ Kh7 40.
Qxe3 Qf1+ 41. Kh2 Nf3+ 42. Qxf3 Qxf3 43. Rf2 Qxf2+ 44. Nxf2 Rd2 45. Kg2 Rxa2
46. Kf3 g5 47. Bd4 a5 48. bxa5 Rxa5 49. Kg4 Kg6 50. Nd3 f6 51. Nd5 Ra3 52. Bc3
b5 53. N3b4 Rb3 54. Nc6 Rb1 55. Nce7+ Kf7 56. Bxf6 Rg1+ 57. Kh5 g4 58. Kxh4
gxh3 59. Kxh3 b4 60. Nc6 b3 61. Ne5+ Ke6 62. Nd3 Rd1 63. Kg4 Kf7 64. Nc5 Rxd5
65. exd5 Kxf6 66. Kf4 b2 67. Ne4+ Ke7 68. Nc3 Kd6 69. Ke4 1-0

[Event "12th Delhi International Grandmasters Chess Tourna"]
[Site "Ludlow Castle,New Delhi (INDIA)"]
[Date "2014.01.13"]
[Round "7"]
[Board "1"]
[White "Kravtsiv, Martyn"]
[Black "Gupta, Abhijeet"]
[Result "0-1"]
[WhiteElo "2628"]
[BlackElo "2606"]
[PlyCount "114"]
[EventDate "2014.01.09"]
[EventRounds "10"]
[EventCountry "IND"]

1. e4 e5 2. Nf3 Nc6 3. Nc3 Nf6 4. d4 exd4 5. Nxd4 Bb4 6. Nxc6 bxc6 7. Bd3 d5 8.
exd5 cxd5 9. O-O O-O 10. h3 c6 11. Qf3 Rb8 12. Bf4 Bd6 13. b3 Rb7 14. Rfe1 Re7
15. Rxe7 Qxe7 16. Bxd6 Qxd6 17. Qe3 d4 18. Ne4 Nxe4 19. Qxe4 g6 20. Re1 Be6 21.
Qe5 Qxe5 22. Rxe5 Bd5 23. Re7 Ra8 24. a4 a5 25. f4 Kg7 26. g4 h6 27. Kf2 Kf8
28. Rb7 Kg7 29. Rc7 g5 30. f5 Re8 31. Ra7 Re3 32. Rxa5 Bxb3 33. Ra8 Rxh3 34. a5
Bxc2 35. Bxc2 Rh2+ 36. Kf3 Rxc2 37. Ke4 c5 38. a6 Ra2 39. Ke5 Ra5 40. f6+ Kh7
41. Rf8 c4+ 42. Kxd4 Rxa6 43. Rxf7+ Kg6 44. Rg7+ Kxf6 45. Rc7 c3 46. Kxc3 Ra4
47. Rc6+ Ke5 48. Rxh6 Kf4 49. Kd3 Kxg4 50. Ke2 Kg3 51. Kf1 g4 52. Rg6 Ra1+ 53.
Ke2 Rg1 54. Rg7 Kh2 55. Rh7+ Kg2 56. Ra7 g3 57. Ra2 Rf1 0-1

[Event "12th Delhi International Grandmasters Chess Tourna"]
[Site "Ludlow Castle,New Delhi (INDIA)"]
[Date "2014.01.13"]
[Round "7"]
[Board "2"]
[White "Lalith, Babu M.R."]
[Black "Gagunashvili, Merab"]
[Result "1/2-1/2"]
[WhiteElo "2579"]
[BlackElo "2547"]
[PlyCount "39"]
[EventDate "2014.01.09"]
[EventRounds "10"]
[EventCountry "IND"]

1. Nf3 d5 2. d4 Nf6 3. c4 e6 4. Nc3 Be7 5. Bf4 O-O 6. a3 b6 7. e3 c5 8. Qc2 Bb7
9. Rd1 Nbd7 10. cxd5 Nxd5 11. Nxd5 exd5 12. Bd3 Nf6 13. dxc5 bxc5 14. O-O Qb6
15. Be5 Ne4 16. Nd2 Qe6 17. Bg3 f5 18. Nxe4 fxe4 19. Be2 Rad8 20. Qb3 1/2-1/2

[Event "12th Delhi International Grandmasters Chess Tourna"]
[Site "Ludlow Castle,New Delhi (INDIA)"]
[Date "2014.01.13"]
[Round "7"]
[Board "3"]
[White "Ankit, R. Rajpara"]
[Black "Pantsulaia, Levan"]
[Result "1-0"]
[WhiteElo "2443"]
[BlackElo "2614"]
[PlyCount "123"]
[EventDate "2014.01.09"]
[EventRounds "10"]
[EventCountry "IND"]

1. e4 c6 2. d4 d5 3. Nc3 dxe4 4. Nxe4 Bf5 5. Ng3 Bg6 6. h4 h6 7. Nf3 e6 8. h5
Bh7 9. Bd3 Bxd3 10. Qxd3 Nf6 11. Bd2 c5 12. Ne4 Nc6 13. Bc3 Nb4 14. Bxb4 cxb4
15. Nxf6+ gxf6 16. Qe4 Qd7 17. O-O-O O-O-O 18. d5 exd5 19. Qd4 Qc6 20. Qxa7 Bc5
21. Qa5 Rhg8 22. Nd4 Qb6 23. Qxb6 Bxb6 24. Nf5 Rxg2 25. Nxh6 Rd7 26. Nf5 Rxf2
27. Rxd5 Rc7 28. Rd2 Rxf5 29. h6 Re7 30. h7 Rh5 31. h8=Q+ Rxh8 32. Rxh8+ Kc7
33. Kd1 f5 34. Rd5 f4 35. Rf5 Rd7+ 36. Ke1 Bd4 37. Rh7 Bxb2 38. Rfxf7 Rxf7 39.
Rxf7+ Kc6 40. Rxf4 Kc5 41. Ke2 b5 42. Kd3 Ba1 43. Rf5+ Kc6 44. Rf4 Kc5 45. Rf5+
Kc6 46. Rf1 Bg7 47. Rf4 Kc5 48. Rf5+ Kc6 49. Rg5 Bb2 50. Ke4 Ba1 51. Rg8 Kc5
52. Rc8+ Kd6 53. Rb8 Kc5 54. Kf5 Bb2 55. Ke6 Bc1 56. Rc8+ Kb6 57. Kd5 Bf4 58.
Rc6+ Ka5 59. Rf6 Bd2 60. Rf8 b3 61. axb3 Kb4 62. c4 1-0

[Event "12th Delhi International Grandmasters Chess Tourna"]
[Site "Ludlow Castle,New Delhi (INDIA)"]
[Date "2014.01.13"]
[Round "7"]
[Board "4"]
[White "Deepan, Chakkravarthy J."]
[Black "Sengupta, Deep"]
[Result "1/2-1/2"]
[WhiteElo "2475"]
[BlackElo "2538"]
[PlyCount "182"]
[EventDate "2014.01.09"]
[EventRounds "10"]
[EventCountry "IND"]

1. e4 e6 2. d4 d5 3. Nd2 Nf6 4. e5 Nfd7 5. Bd3 c5 6. c3 Nc6 7. Ne2 cxd4 8. cxd4
f6 9. Nf4 Nxd4 10. Qh5+ Ke7 11. exf6+ Nxf6 12. Ng6+ hxg6 13. Qxh8 Kf7 14. O-O
e5 15. Nb3 Nxb3 16. axb3 Bf5 17. Bxf5 gxf5 18. Bg5 Bc5 19. Qh3 Ke6 20. Rae1 Rc8
21. Rxe5+ Kxe5 22. Re1+ Kd6 23. Bf4+ Kc6 24. Re6+ Kb5 25. Qd3+ Ka5 26. Bd2+ Bb4
27. Qd4 b6 28. Bxb4+ Ka6 29. g3 Kb7 30. Kg2 Rc2 31. Re7+ Rc7 32. Qe5 d4 33.
Rxc7+ Qxc7 34. Qxf5 a5 35. Bd2 Qc6+ 36. f3 Qe8 37. Qd3 Qe5 38. h4 Ka7 39. Bf4
Qd5 40. Qc4 Qf5 41. Qxd4 Qc2+ 42. Qd2 Qxb3 43. Be5 Qf7 44. Qc3 Kb7 45. Bxf6
gxf6 46. g4 a4 47. h5 b5 48. Qd3 Kb6 49. h6 Qf8 50. h7 Qh8 51. Qg6 Qd8 52. Qg7
Qd2+ 53. Kh3 Qf4 54. h8=Q Qxf3+ 55. Kh4 Qh1+ 56. Kg3 Qg1+ 57. Kf3 Qd1+ 58. Kf4
Qf1+ 59. Ke4 Qb1+ 60. Kd5 Qd3+ 61. Ke6 Qe4+ 62. Kd7 Qb7+ 63. Ke8 Qc8+ 64. Kf7
Qc4+ 65. Kxf6 Qf4+ 66. Kg6 Qe4+ 67. Kg5 Qe3+ 68. Kf5 Qf3+ 69. Ke5 Qe3+ 70. Kd5
Qf3+ 71. Kd6 Qc6+ 72. Ke5 Qc5+ 73. Ke4 Qc2+ 74. Ke3 Qc1+ 75. Kf2 Qd2+ 76. Kf1
Qd3+ 77. Kg2 Qe4+ 78. Kh2 Qf4+ 79. Kh3 Qf3+ 80. Kh4 Qf2+ 81. Kg5 Qe3+ 82. Kh4
Qf2+ 83. Kh5 Qh2+ 84. Kg6 Qc2+ 85. Kf6 Qc6+ 86. Kg5 Qc1+ 87. Kf5 Qc2+ 88. Ke5
Qc5+ 89. Ke4 Qc2+ 90. Kd4 Qc4+ 91. Ke5 Qc5+ 1/2-1/2

[Event "12th Delhi International Grandmasters Chess Tourna"]
[Site "Ludlow Castle,New Delhi (INDIA)"]
[Date "2014.01.13"]
[Round "7"]
[Board "5"]
[White "Venkatesh, M.R."]
[Black "Gasanov, Eldar"]
[Result "0-1"]
[WhiteElo "2524"]
[BlackElo "2469"]
[PlyCount "76"]
[EventDate "2014.01.09"]
[EventRounds "10"]
[EventCountry "IND"]

1. Nf3 d5 2. g3 g6 3. c4 dxc4 4. Qa4+ Nc6 5. Qxc4 Bg7 6. Bg2 e5 7. d3 Nge7 8.
Nc3 h6 9. Bd2 Be6 10. Qa4 O-O 11. Rc1 Nd4 12. O-O c6 13. Qa3 Nef5 14. Ne1 a6
15. e3 Nb5 16. Qa4 Re8 17. Qc2 Qe7 18. Na4 Bd5 19. Bxd5 cxd5 20. Qb3 Qd8 21.
Nc2 e4 22. Nc5 b6 23. Nxa6 Rxa6 24. Qxb5 Rxa2 25. d4 h5 26. Ra1 Rxa1 27. Rxa1
Bf8 28. Nb4 Bxb4 29. Bxb4 h4 30. Qc6 h3 31. Ra7 Kg7 32. Kf1 Nh6 33. Bd6 Ng4 34.
Qxd5 Qf6 35. Bf4 Nxh2+ 36. Ke2 Nf3 37. g4 h2 38. Ra1 Ng1+ 0-1

[Event "12th Delhi International Grandmasters Chess Tourna"]
[Site "Ludlow Castle,New Delhi (INDIA)"]
[Date "2014.01.13"]
[Round "7"]
[Board "6"]
[White "Sattarov, Bobir"]
[Black "Dzhumaev, Marat"]
[Result "1-0"]
[WhiteElo "2194"]
[BlackElo "2521"]
[PlyCount "30"]
[EventDate "2014.01.09"]
[EventRounds "10"]
[EventCountry "IND"]

1. d4 e6 2. Nf3 Nf6 3. Bf4 b6 4. e3 Bb7 5. Bd3 Be7 6. h3 d6 7. Nbd2 O-O 8. O-O
a6 9. a4 c5 10. c3 h6 11. Qe2 Nc6 12. Bh2 Re8 13. Rac1 cxd4 14. exd4 Bf8 15.
Rfe1 Qd7 1-0

[Event "12th Delhi International Grandmasters Chess Tourna"]
[Site "Ludlow Castle,New Delhi (INDIA)"]
[Date "2014.01.13"]
[Round "7"]
[Board "7"]
[White "Neverov, Valeriy"]
[Black "Vignesh, Nr"]
[Result "1-0"]
[WhiteElo "2519"]
[BlackElo "2354"]
[PlyCount "57"]
[EventDate "2014.01.09"]
[EventRounds "10"]
[EventCountry "IND"]

1. d4 Nf6 2. c4 e6 3. Nc3 Bb4 4. Nf3 O-O 5. e3 d5 6. a3 Be7 7. Bd3 b6 8. O-O
Bb7 9. cxd5 exd5 10. b4 Nbd7 11. Qb3 a6 12. a4 c5 13. bxc5 bxc5 14. Qxb7 Rb8
15. Qxa6 Ra8 16. Qb5 Rb8 17. Qa6 Ra8 18. Bxh7+ Kxh7 19. Qd3+ Kg8 20. Ba3 Qa5
21. dxc5 Nxc5 22. Bxc5 Qxc5 23. Rfc1 Rfc8 24. Ne2 Qb4 25. Rxc8+ Rxc8 26. Qb5
Qc4 27. Nfd4 Qc7 28. a5 Bd6 29. g3 1-0

[Event "12th Delhi International Grandmasters Chess Tourna"]
[Site "Ludlow Castle,New Delhi (INDIA)"]
[Date "2014.01.13"]
[Round "7"]
[Board "8"]
[White "Evdokimov, Alexander A."]
[Black "Ziatdinov, Raset"]
[Result "1-0"]
[WhiteElo "2558"]
[BlackElo "2354"]
[PlyCount "73"]
[EventDate "2014.01.09"]
[EventRounds "10"]
[EventCountry "IND"]

1. Nf3 d5 2. c4 e6 3. g3 Nf6 4. Bg2 Be7 5. O-O O-O 6. d4 c6 7. Qc2 a5 8. Nc3
Na6 9. e4 dxc4 10. Be3 Nb4 11. Qe2 a4 12. Ne5 Nd7 13. Nxc4 b5 14. Na3 Nb6 15.
Rfd1 Ba6 16. Qg4 f5 17. Qe2 fxe4 18. Qg4 Bc8 19. Nxe4 N6d5 20. Bh6 Rf7 21. Bg5
Bd7 22. Bxe7 Qxe7 23. Nc5 Raf8 24. Rd2 Bc8 25. Qe4 Qg5 26. Re2 Qh6 27. Nc2 Nxc2
28. Qxc2 Rd8 29. Rae1 Nb4 30. Qe4 Qf6 31. Rd2 Nxa2 32. Qxc6 Nb4 33. Qxb5 Nd5
34. Qxa4 Qh6 35. Rde2 Nf6 36. h3 Re7 37. Qc4 1-0

[Event "12th Delhi International Grandmasters Chess Tourna"]
[Site "Ludlow Castle,New Delhi (INDIA)"]
[Date "2014.01.13"]
[Round "7"]
[Board "9"]
[White "Vaibhav, Suri"]
[Black "Akshat, Khamparia"]
[Result "1-0"]
[WhiteElo "2547"]
[BlackElo "2396"]
[PlyCount "45"]
[EventDate "2014.01.09"]
[EventRounds "10"]
[EventCountry "IND"]

1. d4 Nf6 2. c4 Nc6 3. Nf3 e6 4. g3 Bb4+ 5. Bd2 Qe7 6. Nc3 Bxc3 7. Bxc3 Ne4 8.
Rc1 O-O 9. Bg2 d6 10. d5 Nxc3 11. Rxc3 Nb8 12. dxe6 Bxe6 13. Nd4 Nc6 14. Nxc6
bxc6 15. Bxc6 Rab8 16. b3 Bh3 17. f4 d5 18. cxd5 Rfd8 19. Qd4 Qa3 20. Kf2 Qxa2
21. Re3 Rxb3 22. Ra1 Rb1 23. Qe4 1-0